Charakteristika subštruktúry a mikroštruktúry strednomangánových ocelí pre použitie v automobilovom priemysle

Na minha lista:
Detalhes bibliográficos
Autor principal: Kicka, Tomáš (Author)
Outros Autores: Križan, Daniel (Thesis advisor)
Formato: Manuscrito Livro
Idioma:eslovaco
Publicado em: 2020
Assuntos:
Acesso em linha:http://is.stuba.sk/zp/portal_zp.pl?podrobnosti=151374
Tags: Adicionar Tag
Sem tags, seja o primeiro a adicionar uma tag!

MARC

LEADER 00000ntm a22000003a 4500
001 stuzp78542
003 SK-STU
005 20200704212202.0
007 ta
008 150427s2015----xo-----f-mn---000-0-slo-d
040 |a STU  |b slo 
041 0 |a slo 
100 1 |a Kicka, Tomáš  |u 061000  |k Z4  |4 aut  |U MTF Materiálovotechnologická fakulta  |T MTF Ústav materiálov  |X 82537  |U M1000  |Y 81  |7 82537 
242 0 1 |a Characterization of substructure and microstructure of medium Mn steels for automotive applications  |y eng 
245 1 0 |a Charakteristika subštruktúry a mikroštruktúry strednomangánových ocelí pre použitie v automobilovom priemysle 
260 |c 2020 
650 4 |a TRIP  |2 slo 
650 4 |a žíhanie  |2 slo 
650 4 |a TEM  |2 slo 
650 4 |a submikroštruktúra  |2 slo 
650 4 |a mikroštruktúra  |2 slo 
650 4 |a tenké fólie  |2 slo 
650 4 |a elektrónová difrakcia  |2 slo 
650 4 |a hustota dislokácií  |2 slo 
650 4 |a Progresívne vysokopevné ocele  |2 slo 
650 4 |a submicrostructure  |2 eng 
650 4 |a microstructure  |2 eng 
650 4 |a thin foils  |2 eng 
650 4 |a electron diffraction  |2 eng 
650 4 |a dislocation density  |2 eng 
650 4 |a Advanced high-strength steels  |2 eng 
650 4 |a TRIP  |2 eng 
650 4 |a annealing  |2 eng 
650 4 |a TEM  |2 eng 
700 1 |a Križan, Daniel  |4 ths  |X 108117  |7 108117 
856 4 |u http://is.stuba.sk/zp/portal_zp.pl?podrobnosti=151374 
996 |c M* DP-14272  |l MMSKP  |s P  |a 0  |w stuzp78542_0001